000 00580nam a22001577a 4500
003 NUST
082 _a200
100 _aLodhi, Aminah Bilal
_9118460
245 _aPersonalized Lifestyle Recommendations for Chronic Kidney Disease Patients Based on Individual Test Results/
_c Aminah Bilal Lodhi,
264 _aIslamabad :
_bSEECS, NUST,
_c2023.
300 _a64 p. ;
_c30 cm.
650 _aMS- Science in Data Science
_9126298
700 _aSupervisor: Dr. Hafiz Syed Muhammad Bilal
_9118462
856 _uhttp://10.250.8.41:8080/xmlui/handle/123456789/37715
942 _2ddc
_cSC
999 _c603403
_d603403